Physical chemistry: (Record no. 1736)
[ view plain ]
| 000 -LEADER | |
|---|---|
| fixed length control field | 00592nam a22001937a 4500 |
| 003 - CONTROL NUMBER IDENTIFIER | |
| control field | OSt |
| 005 - DATE AND TIME OF LATEST TRANSACTION | |
| control field | 20160920144125.0 |
| 008 - FIXED-LENGTH DATA ELEMENTS--GENERAL INFORMATION | |
| fixed length control field | 150510b xxu||||| |||| 00| 0 eng d |
| 020 ## - INTERNATIONAL STANDARD BOOK NUMBER | |
| International Standard Book Number | 1891389068 |
| 040 ## - CATALOGING SOURCE | |
| Transcribing agency | DDC |
| 082 ## - DEWEY DECIMAL CLASSIFICATION NUMBER | |
| Edition number | 22nd ed. |
| Classification number | 541.3 CHA 2000 |
| 100 ## - MAIN ENTRY--PERSONAL NAME | |
| Personal name | Chang Raymond |
| 9 (RLIN) | 4577 |
| 245 ## - TITLE STATEMENT | |
| Title | Physical chemistry: |
| Remainder of title | for the chemical and biological sciences |
| 260 ## - PUBLICATION, DISTRIBUTION, ETC. (IMPRINT) | |
| Place of publication, distribution, etc. | California; |
| Name of publisher, distributor, etc. | University Science Books |
| Date of publication, distribution, etc. | 2000 |
| 300 ## - PHYSICAL DESCRIPTION | |
| Extent | xvi, 1018p; |
| Other physical details | col.ill: |
| Dimensions | 27.5cm |
| 504 ## - BIBLIOGRAPHY, ETC. NOTE | |
| Bibliography, etc | Appendices, glossary, answers & index included |
| 650 ## - SUBJECT ADDED ENTRY--TOPICAL TERM | |
| Topical term or geographic name as entry element | Physical chemistry |
| 9 (RLIN) | 1450 |
| 942 ## - ADDED ENTRY ELEMENTS (KOHA) | |
| Source of classification or shelving scheme | Dewey Decimal Classification |
| Koha item type | Open Shelf |
| Withdrawn status | Lost status | Source of classification or shelving scheme | Damaged status | Not for loan | Home library | Current library | Date acquired | Source of acquisition | Inventory number | Total Checkouts | Total Renewals | Full call number | Barcode | Date last seen | Date last checked out | Koha item type | Checked out | Price effective from |
|---|---|---|---|---|---|---|---|---|---|---|---|---|---|---|---|---|---|---|
| Dewey Decimal Classification | MUST Main Library | MUST Main Library | 10/05/2015 | 04/21543 | 3 | 1 | 541.3 CHA 2000 | 2015-1378 | 12/11/2024 | 14/10/2024 | Open Shelf | |||||||
| Dewey Decimal Classification | MUST Main Library | MUST Main Library | 09/11/2015 | 02/17423 | 7 | 541.3 CHA 2000 | 2015-2505 | 25/05/2021 | 10/05/2021 | Open Shelf | ||||||||
| Dewey Decimal Classification | MUST Main Library | MUST Main Library | 09/05/2016 | 02/17425 | 541.3 CHA 2000 | 2016-1667 | 09/05/2016 | Short Loan | ||||||||||
| Dewey Decimal Classification | MUST Main Library | MUST Main Library | 09/05/2016 | 02/17424 | 541.3 CHA 2000 | 2016-1668 | 09/05/2016 | Short Loan | ||||||||||
| Dewey Decimal Classification | MUST Main Library | MUST Main Library | 09/05/2016 | 03/19510 | 541.3 CHA 2000 | 2016-1669 | 09/05/2016 | Short Loan | ||||||||||
| Dewey Decimal Classification | MUST Main Library | MUST Main Library | 26/08/2016 | 02/17426 | 4 | 541.3 CHA 2000 | 2016-3841 | 14/02/2025 | 14/02/2025 | Open Shelf | 21/02/2025 | 26/08/2016 | ||||||
| Dewey Decimal Classification | MUST Main Library | MUST Main Library | 29/08/2016 | 04/21544 | 4 | 541.3 CHA 2000 | 2016-3849 | 30/08/2019 | 30/08/2019 | Open Shelf | ||||||||
| Dewey Decimal Classification | MUST Main Library | MUST Main Library | 31/08/2016 | 04/21542 | 4 | 541.3 CHA 2000 | 2016-3954 | 29/08/2025 | 13/02/2025 | Open Shelf | ||||||||
| Dewey Decimal Classification | MUST Main Library | MUST Main Library | 20/09/2016 | 03/19511 | 6 | 1 | 541.3 CHA 2000 | 2016-4394 | 15/03/2021 | 27/02/2021 | Open Shelf | 20/09/2016 | ||||||
| Dewey Decimal Classification | MUST Main Library | MUST Main Library | 30/09/2016 | 04/21540 | 3 | 541.3 CHA 2000 | 2016-4571 | 13/09/2019 | 27/08/2019 | Open Shelf | 30/09/2016 | |||||||
| Dewey Decimal Classification | MUST Main Library | MUST Main Library | 15/10/2019 | Purchase | 05/23824 | 4 | 541.3 CHA 2000 | 2019-0544 | 31/08/2022 | 22/08/2022 | Open Shelf | |||||||
| Dewey Decimal Classification | MUST Main Library | MUST Main Library | 07/05/2021 | Purchase | 2003/19511 | 4 | 541.3 CHA 2000 | 2021-0481 | 19/08/2022 | 01/08/2022 | Open Shelf | 07/05/2021 | ||||||
| Dewey Decimal Classification | Pharmacy Department Library | Pharmacy Department Library | 24/03/2017 | 11/00239 | 541.3 CHA 2000 | 2017-0568 | 24/03/2017 | Open Shelf |
